I. Slovensko-české dni daňového práva : daňové úniky a vyhýbanie sa daňovým povinnostiam recenzovaný zborník vedeckých prác : [medzinárodná vedecká konferencia : 24.-25.10.2017, Košice, Slovensko]

Na minha lista:
Detalhes bibliográficos
Corporate Authors: Slovensko-české dni daňového práva : daňové úniky a vyhýbanie sa daňovým povinnostiam. Medzinárodná vedecká konferencia, Univerzita Pavla Jozefa Šafárika v Košiciach. Právnická fakulta
Outros Autores: Babčák, Vladimír, Popovič, Adrián, Románová, Anna, Štieberová, Ivana, Radvan, Michal, Vernarský, Martin
Formato: Livro
Idioma:eslovaco
Publicado em: Košice Univerzita Pavla Jozefa Šafárika v Košiciach 2017
Edição:1. vydanie
Assuntos:
Tags: Adicionar Tag
Sem tags, seja o primeiro a adicionar uma tag!

MARC

LEADER 00000nlm a2200000 4500
001 0240380
005 20240104131515.0
020 |a 978-80-8152-584-1 
041 0 |a slo 
044 |a SK 
245 1 0 |a I. Slovensko-české dni daňového práva : daňové úniky a vyhýbanie sa daňovým povinnostiam  |b recenzovaný zborník vedeckých prác : [medzinárodná vedecká konferencia : 24.-25.10.2017, Košice, Slovensko]  |c zostavovatelia/editors: Vladimír Babčák ... [et al.] ; recenzenti/reviewers: Michal Radvan, Martin Vernarský 
250 |a 1. vydanie 
264 1 |a Košice  |b Univerzita Pavla Jozefa Šafárika v Košiciach  |c 2017 
300 |a online [399 s.] 
610 2 0 |a právo daňové 
610 2 0 |a únik daňový 
610 2 0 |a zdaňovanie 
610 2 0 |a dane 
700 1 |a Babčák, Vladimír 
700 1 |a Popovič, Adrián 
700 1 |a Románová, Anna 
700 1 |a Štieberová, Ivana 
700 1 |a Radvan, Michal 
700 1 |a Vernarský, Martin 
110 2 |a Slovensko-české dni daňového práva : daňové úniky a vyhýbanie sa daňovým povinnostiam. Medzinárodná vedecká konferencia 
710 2 |a Univerzita Pavla Jozefa Šafárika v Košiciach. Právnická fakulta